Study on comparative analysis of financial statements of cooperative society : an analysis on camel model / (Record no. 231669)
[ view plain ]
| 000 -LEADER | |
|---|---|
| fixed length control field | 00738nam a22001937a 4500 |
| 003 - CONTROL NUMBER IDENTIFIER | |
| control field | OSt |
| 005 - DATE AND TIME OF LATEST TRANSACTION | |
| control field | 20240830160028.0 |
| 008 - FIXED-LENGTH DATA ELEMENTS--GENERAL INFORMATION | |
| fixed length control field | 240830b ||||| |||| 00| 0 eng d |
| 040 ## - CATALOGING SOURCE | |
| Transcribing agency | AIMIT LIBRARY |
| 100 ## - MAIN ENTRY--PERSONAL NAME | |
| Personal name | S Gayathri. |
| Relator term | 2216064 |
| 9 (RLIN) | 178309 |
| 245 ## - TITLE STATEMENT | |
| Title | Study on comparative analysis of financial statements of cooperative society : an analysis on camel model / |
| Remainder of title | an analysis on camel model / |
| Statement of responsibility, etc. | By Gayathri S ; Guided by Rajani Suresh. |
| 260 ## - PUBLICATION, DISTRIBUTION, ETC. | |
| Place of publication, distribution, etc. | Parkala ; |
| Date of publication, distribution, etc. | 2024. |
| 650 ## - SUBJECT ADDED ENTRY--TOPICAL TERM | |
| Topical term or geographic name entry element | Literature review |
| 9 (RLIN) | 178310 |
| 650 ## - SUBJECT ADDED ENTRY--TOPICAL TERM | |
| Topical term or geographic name entry element | Research methodology |
| 9 (RLIN) | 178311 |
| 650 ## - SUBJECT ADDED ENTRY--TOPICAL TERM | |
| Topical term or geographic name entry element | Data analysis and interpretation |
| 9 (RLIN) | 178312 |
| 700 ## - ADDED ENTRY--PERSONAL NAME | |
| Personal name | Suresh, Rajani. |
| Relator term | Guide |
| 9 (RLIN) | 178313 |
| 856 ## - ELECTRONIC LOCATION AND ACCESS | |
| Materials specified | Sri Durgaparameshwari credit co op society ltd |
| 942 ## - ADDED ENTRY ELEMENTS (KOHA) | |
| Source of classification or shelving scheme | Dewey Decimal Classification |
| Koha item type | Project Report |
| Withdrawn status | Lost status | Source of classification or shelving scheme | Damaged status | Not for loan | Collection code | Home library | Current library | Shelving location | Date acquired | Total Checkouts | Barcode | Date last seen | Copy number | Price effective from | Koha item type |
|---|---|---|---|---|---|---|---|---|---|---|---|---|---|---|---|
| Dewey Decimal Classification | Not for loan | Project Report MBA | St Aloysius Institute of Management & Information Technology | St Aloysius Institute of Management & Information Technology | Dissertations | 08/30/2024 | PRB02278 | 08/30/2024 | 2216064 | 08/30/2024 | Project Report |